Gia bảo bách phương Thuốc nam những phương [ thuốc ] xưa và nay chữa bệnh rất hiệu nghiệm
Sparad:
| Huvudupphovsman: | |
|---|---|
| Materialtyp: | Bok |
| Språk: | Undetermined |
| Publicerad: |
Tiền Giang
Nxb. Tổng hợp Tiền Giang
1992
|
| Ämnen: | |
| Taggar: |
Lägg till en tagg
Inga taggar, Lägg till första taggen!
|
| Thư viện lưu trữ: | Trung tâm Học liệu Trường Đại học Cần Thơ |
|---|
| LEADER | 00659nam a2200193Ia 4500 | ||
|---|---|---|---|
| 001 | CTU_8164 | ||
| 008 | 210402s9999 xx 000 0 und d | ||
| 082 | |a 615.882 | ||
| 082 | |b V308 | ||
| 100 | |a Việt Cúc | ||
| 245 | 0 | |a Gia bảo bách phương | |
| 245 | 0 | |b Thuốc nam những phương [ thuốc ] xưa và nay chữa bệnh rất hiệu nghiệm | |
| 245 | 0 | |c Việt Cúc | |
| 260 | |a Tiền Giang | ||
| 260 | |b Nxb. Tổng hợp Tiền Giang | ||
| 260 | |c 1992 | ||
| 650 | |a folk medicine,therapeutics | ||
| 904 | |i Nguyễn Quang Điền, 960820 | ||
| 980 | |a Trung tâm Học liệu Trường Đại học Cần Thơ | ||